Catálogo

El trabajo del actor sobre sí mismo / (Registro nro. 58488)

Detalles MARC
000 -LEADER
fixed length control field 01086cam a2200313 i 4500
001 - CONTROL NUMBER
control field 58488
003 - CONTROL NUMBER IDENTIFIER
control field Mx-PuUPA
005 - DATE AND TIME OF LATEST TRANSACTION
control field 20240410104054.0
008 - FIXED-LENGTH DATA ELEMENTS--GENERAL INFORMATION
fixed length control field 140415s2013 sp r 000 0 spa d
020 ## - INTERNATIONAL STANDARD BOOK NUMBER
International Standard Book Number 9786074155501
040 ## - CATALOGING SOURCE
Original cataloging agency Mx-PuUPA
Language of cataloging spa
Transcribing agency Mx-PuUPA
Modifying agency Mx-PuUPA
Description conventions rda
041 1# - LANGUAGE CODE
Language code of text/sound track or separate title spa
Language code of original eng
100 1# - MAIN ENTRY--PERSONAL NAME
Personal name Stanislavsky, Konstantin,
Dates associated with a name 1863-1938
Relator term autor
9 (RLIN) 2487
240 10 - UNIFORM TITLE
Uniform title Robota akitora nad soboy.
Language of a work Español
245 10 - TITLE STATEMENT
Title El trabajo del actor sobre sí mismo /
Statement of responsibility, etc. Konstantín Stanislavski ; traductor, Roberto Mares Ochoa
250 ## - EDITION STATEMENT
Edition statement Primera edición
264 #1 - PRODUCTION, PUBLICATION, DISTRIBUTION, MANUFACTURE, AND COPYRIGHT NOTICE
Place of production, publication, distribution, manufacture México :
Name of producer, publisher, distributor, manufacturer Grupo Editorial Tomo,
Date of production, publication, distribution, manufacture, or copyright notice 2013
300 ## - PHYSICAL DESCRIPTION
Extent 492 páginas ;
Dimensions 21 cm.
336 ## - CONTENT TYPE
Content type term texto
Fuente rdacontent
Content type code txt
337 ## - MEDIA TYPE
Media type term sin medio
Source rdamedia
Media type code n
338 ## - CARRIER TYPE
Carrier type term volumen
Source rdacarrier
Carrier type code nc
650 #4 - SUBJECT ADDED ENTRY--TOPICAL TERM
Topical term or geographic name entry element Actores
General subdivision Enseñanza
650 #4 - SUBJECT ADDED ENTRY--TOPICAL TERM
Topical term or geographic name entry element Actuación teatral
General subdivision Técnica
700 1# - ADDED ENTRY--PERSONAL NAME
Personal name Mares Ochoa, Roberto,
Relator term traductor
765 08 - ORIGINAL LANGUAGE ENTRY
Main entry heading Stanislavsky, Konstantin, 1863-1938
Title Robota akitora nad soboy.
942 ## - ADDED ENTRY ELEMENTS (KOHA)
Source of classification or shelving scheme Dewey Decimal Classification
Koha item type Libro
Classification part 792.02
Item part S775
Existencias
Withdrawn status Lost status Source of classification or shelving scheme Damaged status Not for loan Collection code Home library Current library Shelving location Date acquired Source of acquisition Total Checkouts Full call number Barcode Date last seen Date last checked out Price effective from Koha item type
    Dewey Decimal Classification   Consulta en sala Magisterial Biblioteca Karol Wojtyla Biblioteca Karol Wojtyla Sala general 26/08/2016 Compra 2 792.02 S775 2013 96112 30/08/2023 08/10/2019 14/06/2017 Magisterial